000 00644nam a2200217Ia 4500
005 20250508165253.0
008 008 250505s9999 xx 000 0 eng d
020 _a978-81-203-2389-6
037 _aTextBook
040 _aFEDL
_beng
_cFEDL
041 _aeng
_2eng
084 _a400, FRO/R
_qFEDL
100 _aFromkin Victoria
245 0 _aLanguage: Nature, psychology and grammatical aspects
260 _aNew Delhi, India
_bCengage Learning India Private Limited
_c2007
300 _a405p.
365 _aINR
_b295
700 _a Rodman Robert Hyams Nina
_9780352
942 _cTB
_h400, FRO/R
999 _c1394167
_d1394167